MARC details
| 000 -LEADER |
| fixed length control field |
01218cam a22003255a 4500 |
| 001 - CONTROL NUMBER |
| control field |
17542664 |
| 005 - DATE AND TIME OF LATEST TRANSACTION |
| control field |
20150603130425.0 |
| 008 - FIXED-LENGTH DATA ELEMENTS--GENERAL INFORMATION |
| fixed length control field |
121128t20122013gau frb 001 0 eng d |
| 020 ## - INTERNATIONAL STANDARD BOOK NUMBER |
| International Standard Book Number |
9781466580244 (Taylor & Francis distribution : alk. paper) |
| 020 ## - INTERNATIONAL STANDARD BOOK NUMBER |
| International Standard Book Number |
466580240 (Taylor & Francis distribution : alk. paper) |
| 020 ## - INTERNATIONAL STANDARD BOOK NUMBER |
| International Standard Book Number |
9780881736878 (The Fairmont Press, Inc. : alk. paper) |
| 020 ## - INTERNATIONAL STANDARD BOOK NUMBER |
| International Standard Book Number |
0881736872 (The Fairmont Press, Inc. : alk. paper) |
| 040 ## - CATALOGING SOURCE |
| Original cataloging agency |
DLC |
| Language of cataloging |
eng |
| Transcribing agency |
DLC |
| Modifying agency |
DLC |
| -- |
EG-ScBUE |
| 082 00 - DEWEY DECIMAL CLASSIFICATION NUMBER |
| Classification number |
333.794 |
| Edition number |
22 |
| Item number |
HOR |
| 100 1# - MAIN ENTRY--PERSONAL NAME |
| Personal name |
Hordeski, Michael F. |
| 9 (RLIN) |
38113 |
| 245 10 - TITLE STATEMENT |
| Title |
Alternative fuels : |
| Remainder of title |
the future of hydrogen / |
| Statement of responsibility, etc |
by Michael Frank Hordeski. |
| 250 ## - EDITION STATEMENT |
| Edition statement |
3rd ed. |
| 260 ## - PUBLICATION, DISTRIBUTION, ETC. (IMPRINT) |
| Place of publication, distribution, etc |
Lilburn : |
| Name of publisher, distributor, etc |
Fairmont Press ; |
| Place of publication, distribution, etc |
Boca Raton ; |
| -- |
London : |
| Name of publisher, distributor, etc |
CRC Press / Taylor & Francis Group, |
| Date of publication, distribution, etc |
c.2013. |
| 300 ## - PHYSICAL DESCRIPTION |
| Extent |
x, 300 p. ; |
| Dimensions |
24 cm. |
| 500 ## - GENERAL NOTE |
| General note |
Index : p. 299-301. |
| 504 ## - BIBLIOGRAPHY, ETC. NOTE |
| Bibliography, etc |
Includes bibliographical references. |
| 650 #0 - SUBJECT ADDED ENTRY--TOPICAL TERM |
| Topical term or geographic name as entry element |
Hydrogen as fuel. |
| Source of heading or term |
BUEsh |
| 650 #0 - SUBJECT ADDED ENTRY--TOPICAL TERM |
| Topical term or geographic name as entry element |
Fuel switching. |
| Source of heading or term |
BUEsh |
| 9 (RLIN) |
4380 |
| 650 #0 - SUBJECT ADDED ENTRY--TOPICAL TERM |
| Topical term or geographic name as entry element |
Hydrogen cars. |
| Source of heading or term |
BUEsh |
| 650 #0 - SUBJECT ADDED ENTRY--TOPICAL TERM |
| Topical term or geographic name as entry element |
Automobile industry and trade |
| General subdivision |
Forecasting. |
| Source of heading or term |
BUEsh |
| 651 ## - SUBJECT ADDED ENTRY--GEOGRAPHIC NAME |
| Source of heading or term |
BUEsh |
| 653 ## - INDEX TERM--UNCONTROLLED |
| Resource For college |
Engineering, General |
| Arrived date list |
June2015 |
| 655 ## - INDEX TERM--GENRE/FORM |
| Form subdivision |
|
| -- |
34232 |
| 942 ## - ADDED ENTRY ELEMENTS (KOHA) |
| Source of classification or shelving scheme |
Dewey Decimal Classification |